Is the answer 7? - sudden death - Statistics

General Stats
  • This quiz has been taken 16 times
  • The average score is 7 of 24
Answers on the Grid
Answers color-coded by a green-red scale on the quiz's grid according to % correct below.
Roman emperors
US presidents since 1980
Strings on a guitar
Age of the youngest marathon runner
Days of the week
Continents
Nations who have reached the Rugby World Cup final
Snow White's dwarves
Bottom left button on numeric keypads
Colours of the rainbow
Protons in a nitrogen atom
Brains in a cockroach
Breath-holding record in minutes
Deadly sins
Vertices on a heptagon
Giraffe height in metres
Country names ending in "TAN"
Voyager 1's distance from Earth in light years
Wonders of the ancient world
September
Countries which border Iran
XII
Husbands of Elizabeth Taylor
Digit in James Bond's codename
Power of the largest-ever H-bomb in megatons
Members of the Fellowship of the Ring
Countries with both Pacific and Caribbean coastlines
BC century in which the Persian Empire emerged
Baby rabbits in an average litter
Welsh cities
Galaxies in the local group
Cristiano Ronaldo's number
FA Cup winning teams from London
Notes in a major scale
Emirates in the UAE
Average yardage lost in an NFL sack
Countries that start with P
Spikes on the Statue of Liberty's crown
Byzantine emperors named Constantine
Antarctic bases
Fights Mike Tyson lost
Japanese car manufacturers in the top 20
Alpine salamanders' gestation period in months
Altitude in miles at which the stratosphere starts
Magnificent characters in the famous western
Typical snail speed in metres per hour
Speed of the fastest spaceship in mach
Diameter in feet of the largest wheels on a vehicle
 
Answer Stats
Answer % Correct
Days of the week
82%
Snow White's dwarves
82%
Colours of the rainbow
73%
Continents
73%
Deadly sins
73%
007 Digit in James Bond's codename
45%
Magnificent characters in the famous western
45%
Bottom left button on numeric keypads
36%
Corners Vertices on a heptagon
36%
Wonders of the ancient world
36%
Cristiano Ronaldo's number
27%
Protons in a nitrogen atom
27%
Slightly under 7 Average yardage lost in an NFL sack
9%
Emirates in the UAE
9%
Fights Mike Tyson lost
9%
Husbands of Elizabeth Taylor
9%
Notes in a major scale
9%
Welsh cities
9%
Altitude in miles at which the stratosphere starts
0%
Baby rabbits in an average litter
0%
7th century BC BC century in which the Persian Empire emerged
0%
Iraq, Turkey, Armenia, Azerbaijan, Turkmenistan, Afghanistan and Pakistan Countries which border Iran
0%
Countries with both Pacific and Caribbean coastlines
0%
Spikes on the Statue of Liberty's crown
0%
No matching quizzes found
Score Distribution
Percent of People with Each Score
Percentile by Number Answered
Your Score History
You have not taken this quiz